000 01007nam0a22002531 4500
001 rc\549527
005 20250621125848.0
035 _a(NLR Aleph) 005785682
090 _a5148231
_c5148231
100 _a20030616d1987 |||y0rusy50 ca
101 0 _arus
102 _aRU
105 _aa |||||||||
200 1 _aЭкология медведей
_e[Сб. ст.]
_fАН СССР, Сиб. отд-ние, Биол. ин-т, Всесоюз. териол. о-во, Сиб. отд-ние
_gОтв. ред. Б.С. Юдин
210 _aНовосибирск
_cНаука. Сиб. отд-ние
_d1987
215 _a191 с., [8] л. ил.
_cил.
_d22
320 _aБиблиогр. в конце ст.
702 1 _4340
_7ca
_8rus
_aЮдин
_bБ. С.
_f1928-1986
_gБорис Степанович
_9206687
_3RU\NLR\AUTH\770206739
712 0 2 _aБиологический ин-т
_cНовосибирск
801 0 _aRU
_bNLR
_gpsbo
801 1 _aRU
_bELAR
_2rusmarc
852 _aNLR
_j87-5/2651
942 _cBOOK
980 _aNB